| 000 | 00531nam a22001937a 4500 | ||
|---|---|---|---|
| 003 | OSt | ||
| 005 | 20180116183047.0 | ||
| 008 | 160721b xxu||||| |||| 00| 0 eng d | ||
| 020 | _a9780273724438 | ||
| 040 | _c0 | ||
| 082 | _a302.35 MCA 2014 | ||
| 100 | _aJohn Mcauley | ||
| 245 |
_aOrganization Theory Challenges and Perspectives _cJohn Mcauley |
||
| 250 | _a2nd edition | ||
| 260 |
_aUnited Kingdom _bPEARSON _c2014 |
||
| 300 |
_a448 p. _bPB |
||
| 440 | _aOrganization Theory Challenges and Perspectives | ||
| 942 |
_2ddc _cBK |
||
| 999 |
_c351462 _d351462 |
||